Dealing with chaotic results of Kemeny ranking determination; Measurement; Vol. 51

Dettagli Bibliografici
Parent link:Measurement
Vol. 51.— 2014.— [P. 328-334]
Autore principale: Muravyov (Murav’ev) S. V. Sergey Vasilyevich
Ente Autore: Национальный исследовательский Томский политехнический университет (ТПУ) Институт кибернетики (ИК) Кафедра компьютерных измерительных систем и метрологии (КИСМ)
Riassunto:Title screen
Multidimensional ordinal measurement in a form of problem of a single consensus ranking determination for m rankings of n alternatives is considered in the paper. The Kemeny rule is one of deeply justified ways to solve the problem allowing to find such a linear order (Kemeny ranking) of alternatives that a distance (defined in terms of a number of pair-wise disagreements between rankings) from it to the initial rankings is minimal. But computational experiments outcomes show that the approach can give considerably more than one optimal solutions what argues instability of the measurement procedure. Hence, special efforts to avoid this phenomenon are needed.
Режим доступа: по договору с организацией-держателем ресурса
Lingua:inglese
Pubblicazione: 2014
Soggetti:
Accesso online:http://dx.doi.org/10.1016/j.measurement.2014.02.027
Natura: Elettronico Capitolo di libro
KOHA link:https://koha.lib.tpu.ru/cgi-bin/koha/opac-detail.pl?biblionumber=641863

MARC

LEADER 00000naa0a2200000 4500
001 641863
005 20250404132619.0
035 |a (RuTPU)RU\TPU\network\6780 
090 |a 641863 
100 |a 20150605a2014 k y0engy50 ba 
101 0 |a eng 
135 |a drcn ---uucaa 
181 0 |a i  
182 0 |a b 
200 1 |a Dealing with chaotic results of Kemeny ranking determination  |f S. V. Muravyov (Murav’ev) 
203 |a Text  |c electronic 
300 |a Title screen 
320 |a [References: p. 334 (19 tit.)] 
330 |a Multidimensional ordinal measurement in a form of problem of a single consensus ranking determination for m rankings of n alternatives is considered in the paper. The Kemeny rule is one of deeply justified ways to solve the problem allowing to find such a linear order (Kemeny ranking) of alternatives that a distance (defined in terms of a number of pair-wise disagreements between rankings) from it to the initial rankings is minimal. But computational experiments outcomes show that the approach can give considerably more than one optimal solutions what argues instability of the measurement procedure. Hence, special efforts to avoid this phenomenon are needed. 
333 |a Режим доступа: по договору с организацией-держателем ресурса 
461 |t Measurement 
463 |t Vol. 51  |v [P. 328-334]  |d 2014 
610 1 |a электронный ресурс 
610 1 |a труды учёных ТПУ 
610 1 |a многомерное порядковое измерение 
700 1 |a Muravyov (Murav’ev)  |b S. V.  |c specialist in the field of control and measurement equipment  |c Professor of Tomsk Polytechnic University,Doctor of technical sciences  |f 1954-  |g Sergey Vasilyevich  |3 (RuTPU)RU\TPU\pers\31262  |9 15440 
712 0 2 |a Национальный исследовательский Томский политехнический университет (ТПУ)  |b Институт кибернетики (ИК)  |b Кафедра компьютерных измерительных систем и метрологии (КИСМ)  |3 (RuTPU)RU\TPU\col\18706 
801 2 |a RU  |b 63413507  |c 20171013  |g RCR 
856 4 |u http://dx.doi.org/10.1016/j.measurement.2014.02.027 
942 |c CF